| 000 | 04511nab a2200349 i 4500 | ||
|---|---|---|---|
| 003 | BR-BrBNA | ||
| 005 | 20250507130159.0 | ||
| 008 | 250507b2016 bl.qr|pooa||| 00| 0 por | | ||
| 040 |
_aBR-BrBNA _bpor |
||
| 072 |
_aF04 _b0180 |
||
| 072 | _aF01 | ||
| 100 | _aBarbosa, André Prechlak | ||
| 100 | _aSilva, André Felipe Moreira | ||
| 100 | _aAlbrecht, Leandro Paiola | ||
| 100 | _aAlbrecht, Alfredo Junior Paiola | ||
| 100 | _aÁvila, Marizangela Rizzatti | ||
| 245 | _aDoses de Nitrogênio em cobertura na produtividade e qualidade fisiológica de sementes de trigo | ||
| 500 | _a Publicação online; 23 ref.; 5 illus.; Summaries (En, Pt) | ||
| 520 | _a Resumo: O nitrogênio (N) é um dos nutrientes absorvidos em maior quantidade pela cultura do trigo, sendo um fator limitante da produção tritícola. Assim, o objetivo do trabalho foi avaliar a influência de doses de nitrogênio (N) aplicadas em cobertura e em dois estádios fenológicos nas características agronômicas e de qualidade de sementes da cultura do trigo. O experimento foi conduzido em Umuarama – PR, de maio a setembro de 2009, o delineamento experimental foi de blocos casualizados, com quatro repetições. Os tratamentos consistiram na aplicação de quatro doses de nitrogênio na forma de ureia (0, 45, 90 e 135 kg ha-¹), parceladas em duas aplicações em cobertura, no início do perfilhamento e no início do alongamento.As variáveis analisadas foram: altura de plantas (cm), acamamento (nota), número de espigas por m², produtividade (kg ha-1), germinação (%), vigor (%), emergência em areia (%) e massa seca de plântulas (g). As características agronômicas do trigo são afetadas pelas doses de nitrogênio em cobertura. O incremento na adubação nitrogenada ocasiona crescimento excessivo e acamamento das plantas de trigo. A dose de 90 kg ha-1 é a mais adequada para obtenção de máxima produtividade da cultura do trigo cultivado na região noroeste do Paraná. A qualidade fisiológica das sementes de trigo é afetada de forma negativa conforme se incrementa a dose de nitrogênio em cobertura, devido ao desbalanço nutricional e acamamento das plantas. Palavras-chave. Acamamento, Nitrogênio, Triticum aestivum | ||
| 520 | _a Abstract: Nitrogen (N) is one of the nutrients absorbed in larger quantities by the wheat crop, being a limitingfactor for wheat culture production. Thus, the objective of this study was to evaluate the influence of nitrogen (N) applied in coverage and in two phenological stages on the agronomic characteristics and quality of wheat crop seeds. The experiment was conducted in Umuarama - PR, from May to September 2009, the experimental design was a randomized block with four replications. The treatments consisted of application of four levels of nitrogen in the form of urea (0, 45, 90 and 135 kg ha-¹), divided in two applications in coverage at the beginning of tillering and the beginning of stretching. The variables analyzed were: plant height (cm), lodging (note), number of ears per square meter, yield (kg ha-1), germination (%), vigor (%), sand emergence (%) and dry weight seedlings (g). The wheat agronomic characteristics are affected by nitrogen levels in coverage. The increase in nitrogen fertilizer causes overgrowth and lodging of wheat plants. The dose of 90 kg ha-1 is the most appropriate for achieving maximum yield of the cultivated wheat crop in the northwestern region of Paraná. The physiological quality of wheat seeds is affected negatively as it increases the amount of nitrogen in coverage due to an unbalanced nutrition and plant lodging. Keywords: Lodging, Nitrogen, Triticum aestivum | ||
| 650 | _aTRIGO | ||
| 650 | _aSEMENTE | ||
| 650 | _aCARACTERÍSTICAS AGRONÔMICAS | ||
| 650 | _aADUBAÇÃO | ||
| 650 | _aNITROGÊNIO | ||
| 650 | _aTOMBAMENTO DE PLANTA | ||
| 650 | _aPRODUTIVIDADE | ||
| 773 | 0 |
_03583 _9350063 _dCruz das Almas-BA Universidade Federal da Bahia - Escola de Agronômia 1983 _o2025-2672 _tMagistra (Brazil) _x0102-5333 _gv. 28(2) p. 211-220; (2016) _wBR2025000950 |
|
| 856 | _uhttps://periodicos.ufrb.edu.br/index.php/magistra/article/view/3857/2070 | ||
| 942 | _cANA | ||
| 999 |
_c331368 _d331368 |
||